[Event "Canarias-chT"]
[Site "Arrecife de Lanzarote"]
[Date "2016.06.24"]
[Round "2.3"]
[White "Morales Quintero, Jose Miguel"]
[Black "Garcia Padron, Jose"]
[Result "0-1"]
[WhiteElo "1926"]
[BlackElo "2407"]
[PlyCount "86"]
[EventDate "2016.06.23"]
[EventType "team-swiss"]
[EventRounds "6"]
[EventCountry "ESP"]
[SourceTitle "EXT 2021"]
[Source "ChessBase"]
[SourceDate "2020.10.23"]
[SourceVersion "1"]
[SourceVersionDate "2020.10.23"]
[SourceQuality "1"]
[WhiteTeam "Victoria RC"]
[BlackTeam "Centro Goya Villa de Teror"]
[WhiteTeamCountry "ESP"]
[BlackTeamCountry "ESP"]

1. c4 e6 2. g3 Nf6 3. Bg2 d5 4. Nf3 dxc4 5. 0-0 a6 6. a4 Be7 7. Qc2 0-0 8. Qxc4 b5 9. Qc2 Bb7 10. d3 c5 11. axb5 axb5 12. Rxa8 Bxa8 13. Be3 Nbd7 14. Nc3 Qa5 15. Nd2 Bxg2 16. Kxg2 Ng4 17. Nb3 Nxe3+ 18. fxe3 Qb6 19. e4 Ne5 20. Nd2 c4 21. Nf3 Ng4 22. Nd1 Rc8 23. h3 Nf6 24. Nf2 h6 25. Rc1 Bc5 26. Nd1 Bb4 27. Qb1 Nd7 28. Qa2 Nc5 29. Nf2 Nb3 30. Rc2 Qb7 31. dxc4 bxc4 32. Qb1 Ba5 33. Qa2 Qb5 34. g4 Bb6 35. Qa3 Bc5 36. Qa2 Rd8 37. Qb1 Bb6 38. Qe1 Ba5 39. Qb1 Qc5 40. Nd3 Qe3 41. Nde5 Nd2 42. Qa1 Nxf3 43. Qxa5 Nh4+ 0-1

[Event "Las Palmas Insular-chT Pref-B"]
[Site "Las Palmas"]
[Date "2015.01.31"]
[Round "6.1"]
[White "Ramirez Medina, Victor"]
[Black "Morales Quintero, Jose Miguel"]
[Result "1/2-1/2"]
[WhiteElo "2059"]
[BlackElo "1959"]
[PlyCount "82"]
[EventDate "2014.11.22"]
[EventType "team-tourn"]
[EventRounds "14"]
[EventCountry "ESP"]
[SourceTitle "EXT 2016"]
[Source "ChessBase"]
[SourceDate "2015.10.08"]
[SourceVersion "1"]
[SourceVersionDate "2015.10.08"]
[SourceQuality "1"]
[WhiteTeam "La Caja de Vecindario II"]
[BlackTeam "Victoria Real"]
[WhiteTeamCountry "ESP"]
[BlackTeamCountry "ESP"]

1. e4 d6 2. d4 Nf6 3. Nc3 g6 4. f4 Bg7 5. Nf3 c5 6. Bb5+ Bd7 7. e5 Ng4 8. Bxd7+ Qxd7 9. d5 dxe5 10. h3 e4 11. Nxe4 Nf6 12. Nxf6+ Bxf6 13. 0-0 0-0 14. Be3 Na6 15. Ne5 Qd6 16. Qf3 Nb4 17. Qf2 b6 18. Rad1 Bxe5 19. fxe5 Qxe5 20. Bh6 Qxb2 21. Bxf8 Rxf8 22. c4 Qc3 23. Qe2 Nc2 24. Kh1 Nd4 25. Qxe7 Qxc4 26. d6 Qe6 27. Rfe1 Qxe7 28. Rxe7 Rd8 29. Rxa7 Rxd6 30. g4 Rf6 31. Kg2 b5 32. Rc1 Ne6 33. Kg3 h6 34. a3 Kg7 35. Rb7 g5 36. Kg2 Nf4+ 37. Kh2 Rd6 38. Rxc5 Rd2+ 39. Kg1 Rd1+ 40. Kh2 Rd2+ 41. Kg1 Rd1+ 1/2-1/2

[Event "Las Palmas Insular-chT Pref-B"]
[Site "Las Palmas"]
[Date "2014.11.22"]
[Round "1.1"]
[White "Gonzalez Intelangelo, Gerardo"]
[Black "Morales Quintero, Jose Miguel"]
[Result "1-0"]
[WhiteElo "2040"]
[BlackElo "1959"]
[PlyCount "97"]
[EventDate "2014.11.22"]
[EventType "team-tourn"]
[EventRounds "14"]
[EventCountry "ESP"]
[SourceTitle "EXT 2016"]
[Source "ChessBase"]
[SourceDate "2015.10.08"]
[SourceVersion "1"]
[SourceVersionDate "2015.10.08"]
[SourceQuality "1"]
[WhiteTeam "Villa de Teror Goya III"]
[BlackTeam "Victoria Real"]
[WhiteTeamCountry "ESP"]
[BlackTeamCountry "ESP"]

1. d4 Nf6 2. c4 e6 3. Nc3 Bb4 4. Qc2 d5 5. cxd5 exd5 6. Bg5 Nbd7 7. a3 Be7 8. e3 0-0 9. Bd3 h6 10. Bh4 b6 11. Nge2 Bb7 12. f3 c5 13. 0-0 Ne8 14. Bf2 Nd6 15. Ng3 Nf6 16. Nf5 Nxf5 17. Bxf5 cxd4 18. exd4 Ne8 19. Qb3 Bf6 20. Rac1 Nc7 21. Rfe1 Re8 22. a4 Ne6 23. Bxe6 fxe6 24. Nb5 Re7 25. Qb4 Ba6 26. Nd6 e5 27. Nf5 Re8 28. dxe5 Rxe5 29. Qg4 Kh7 30. Bh4 Rc8 31. Bg3 Rxe1+ 32. Rxe1 Rc4 33. Qh5 Rxa4 34. Nd6 Rd4 35. Qf5+ Kg8 36. Qg6 Rd2 37. Re8+ Qxe8 38. Qxe8+ Kh7 39. h4 Bd4+ 40. Kh2 Bf1 41. Kh3 Rxg2 42. Kg4 Bf2 43. Nf5 Bd3 44. Kh3 Bf1 45. Bxf2 Rg5+ 46. Kh2 Rg2+ 47. Kh1 Rxf2 48. Qf7 Rg2 49. Ne3 1-0

[Event "Las Palmas Insular-chT Pref 1314"]
[Site "Agaete"]
[Date "2013.11.09"]
[Round "1.2"]
[White "Morales Quintero, Jose Miguel"]
[Black "Alvarado Ascanio, Francisco"]
[Result "0-1"]
[WhiteElo "1940"]
[BlackElo "2175"]
[PlyCount "128"]
[EventDate "2013.11.09"]
[EventType "team-tourn"]
[EventRounds "14"]
[EventCountry "ESP"]
[SourceTitle "EXT 2015"]
[Source "ChessBase"]
[SourceDate "2014.11.20"]
[SourceVersion "1"]
[SourceVersionDate "2014.11.20"]
[SourceQuality "1"]
[WhiteTeam "Real Club Victoria"]
[BlackTeam "Tres W"]
[WhiteTeamCountry "ESP"]
[BlackTeamCountry "ESP"]

1. c4 e6 2. Nf3 b6 3. g3 Bb7 4. Bg2 c5 5. b3 Nf6 6. Bb2 Be7 7. 0-0 0-0 8. Na3 a6 9. Nc2 Qc7 10. d4 cxd4 11. Ncxd4 d6 12. Rc1 Nbd7 13. Nh4 Rfe8 14. Bxb7 Qxb7 15. Nhf3 b5 16. cxb5 axb5 17. a3 Nc5 18. b4 Na4 19. Ba1 Qd7 20. Qd3 e5 21. Qxb5 exd4 22. Nxd4 Qxb5 23. Nxb5 Red8 24. Rfd1 Kf8 25. Rc6 Rac8 26. Rdc1 Nb6 27. Bd4 Nfd7 28. Bxb6 Nxb6 29. Rxc8 Rxc8 30. Rxc8+ Nxc8 31. a4 Ke8 32. a5 Kd7 33. Nd4 Bf6 34. Nc2 Bc3 35. Kg2 Kc6 36. Kf3 Kb5 37. Ke4 Ne7 38. Nd4+ Kc4 39. Nc2 d5+ 40. Ke3 Nc6 41. a6 Na7 42. f4 f5 43. h3 d4+ 44. Kf3 Bxb4 45. g4 g6 46. e4 fxe4+ 47. Kxe4 Bc5 48. Ne1 Nb5 49. f5 gxf5+ 50. gxf5 Nc7 51. Nd3 Nxa6 52. f6 Bf8 53. Ne5+ Kc3 54. Kf5 Nc5 55. f7 Bg7 56. Nf3 d3 57. h4 d2 58. Nxd2 Kxd2 59. f8Q Bxf8 60. Kf6 Ke3 61. Kf7 Kf4 62. Kxf8 h5 63. Ke7 Kg4 64. Kd6 Kxh4 0-1

[Event "Las Palmas Insular-chT Pref"]
[Site "Las Palmas"]
[Date "2013.01.12"]
[Round "5.4"]
[White "Morales Quintero, Jose Miguel"]
[Black "Vega Gutierrez, Belinda Vidina"]
[Result "1/2-1/2"]
[WhiteElo "1986"]
[BlackElo "2190"]
[PlyCount "110"]
[EventDate "2012.11.10"]
[EventType "team-tourn"]
[EventRounds "14"]
[EventCountry "ESP"]
[SourceTitle "EXT 2014"]
[Source "ChessBase"]
[SourceDate "2013.11.20"]
[SourceVersion "1"]
[SourceVersionDate "2013.11.20"]
[SourceQuality "1"]
[WhiteTeam "Real Club Victoria"]
[BlackTeam "Hispafrica"]
[WhiteTeamCountry "ESP"]
[BlackTeamCountry "ESP"]

1. e4 e5 2. Bc4 Nc6 3. Nf3 Nf6 4. d4 exd4 5. 0-0 Nxe4 6. Re1 d5 7. Bxd5 Qxd5 8. Nc3 Qa5 9. Nxe4 Be6 10. Bd2 Qf5 11. Bg5 h6 12. Bh4 Bb4 13. Nxd4 Nxd4 14. Qxd4 Bxe1 15. Qxg7 Kd7 16. Rxe1 b6 17. Qc3 c5 18. Qd3+ Kc6 19. Qd6+ Kb7 20. Qe7+ Ka6 21. Re3 Rhd8 22. Nd6 Rxd6 23. Qxd6 Qxc2 24. Qd3+ Qxd3 25. Rxd3 Kb5 26. a3 Ka4 27. h3 b5 28. g4 a5 29. Bf6 c4 30. Rd6 b4 31. axb4 axb4 32. f4 Kb3 33. f5 Bc8 34. Rc6 Bb7 35. Rb6 Be4 36. Kf2 Ra2 37. Ke3 Bg2 38. h4 Ra7 39. Kf4 Rb7 40. Rxb7 Bxb7 41. g5 hxg5+ 42. hxg5 Kc2 43. g6 fxg6 44. fxg6 Bd5 45. Kg5 Kd3 46. Kh6 Ke4 47. Kg5 Bg8 48. g7 Bf7 49. Kh6 Kf5 50. Bd4 Ke4 51. Bf6 c3 52. Bxc3 bxc3 53. bxc3 Kd3 54. Kh7 Kxc3 55. g8Q Bxg8+ 1/2-1/2

[Event "ESP-ch 77th"]
[Site "San Agustin"]
[Date "2012.10.05"]
[Round "7"]
[White "Morales Quintero, Jose Miguel"]
[Black "Rodriguez Mellado, Antonio"]
[Result "1/2-1/2"]
[WhiteElo "2012"]
[BlackElo "1760"]
[PlyCount "52"]
[EventDate "2012.09.29"]
[EventType "swiss"]
[EventRounds "9"]
[EventCountry "ESP"]
[SourceTitle "EXT 2014"]
[Source "ChessBase"]
[SourceDate "2013.11.20"]
[SourceVersion "1"]
[SourceVersionDate "2013.11.20"]
[SourceQuality "1"]

1. c4 g6 2. Nc3 Nf6 3. g3 d5 4. cxd5 Nxd5 5. Bg2 Nxc3 6. bxc3 Bg7 7. d4 c5 8. Nf3 Nc6 9. e3 cxd4 10. cxd4 e5 11. 0-0 exd4 12. exd4 0-0 13. Rb1 Nxd4 14. Nxd4 Bxd4 15. Bxb7 Rb8 16. Qf3 Bf5 17. Bf4 Bxb1 18. Rxb1 Qf6 19. Bxb8 Rxb8 20. Qxf6 Bxf6 21. Be4 Rxb1+ 22. Bxb1 Kg7 23. Kg2 Kg8 24. Kg1 Kg7 25. Kg2 Kg8 26. Kg1 Kg7 1/2-1/2

[Event "ESP-ch 77th"]
[Site "San Agustin"]
[Date "2012.10.03"]
[Round "5"]
[White "Morales Quintero, Jose Miguel"]
[Black "Diaz Perez, Jose Juan"]
[Result "1-0"]
[WhiteElo "2012"]
[BlackElo "1730"]
[PlyCount "85"]
[EventDate "2012.09.29"]
[EventType "swiss"]
[EventRounds "9"]
[EventCountry "ESP"]
[SourceTitle "EXT 2014"]
[Source "ChessBase"]
[SourceDate "2013.11.20"]
[SourceVersion "1"]
[SourceVersionDate "2013.11.20"]
[SourceQuality "1"]

1. c4 c5 2. Nf3 Nc6 3. g3 Nf6 4. Bg2 e5 5. Nc3 d6 6. d3 Be7 7. 0-0 0-0 8. a3 h6 9. Nd5 Be6 10. Ne1 Qd7 11. Nc2 Bh3 12. Nce3 Bxg2 13. Kxg2 Nxd5 14. Nxd5 f5 15. e3 Bf6 16. Bd2 Ne7 17. e4 Nxd5 18. cxd5 Rac8 19. Rc1 Qb5 20. Qc2 Bd8 21. b4 fxe4 22. dxe4 Qe2 23. Be3 Qxc2 24. Rxc2 b6 25. b5 Rf7 26. f4 Bf6 27. Rc4 a6 28. Rb1 Ra8 29. a4 Rfa7 30. fxe5 Bxe5 31. Bf4 axb5 32. Rxb5 Bxf4 33. gxf4 Rxa4 34. Rxa4 Rxa4 35. e5 Ra6 36. Kf3 Kf7 37. Ke4 g6 38. h4 Ra4+ 39. Kf3 Rb4 40. Rxb4 cxb4 41. e6+ Kf6 42. Ke3 h5 43. Kd3 1-0

[Event "ESP-ch 77th"]
[Site "San Agustin"]
[Date "2012.09.30"]
[Round "2"]
[White "Garrido Dominguez, Jesus"]
[Black "Morales Quintero, Jose Miguel"]
[Result "1-0"]
[WhiteElo "2396"]
[BlackElo "2012"]
[PlyCount "55"]
[EventDate "2012.09.29"]
[EventType "swiss"]
[EventRounds "9"]
[EventCountry "ESP"]
[SourceTitle "EXT 2014"]
[Source "ChessBase"]
[SourceDate "2013.11.20"]
[SourceVersion "1"]
[SourceVersionDate "2013.11.20"]
[SourceQuality "1"]

1. e4 d6 2. d4 Nf6 3. Nc3 g6 4. Bg5 c6 5. Qd2 b5 6. f3 Nbd7 7. Nge2 Nb6 8. a4 b4 9. Nd1 a5 10. b3 Bg7 11. Bh6 Bxh6 12. Qxh6 Qc7 13. Rc1 Be6 14. Nf4 Qa7 15. c4 c5 16. dxc5 dxc5 17. Nd5 Nbd7 18. Nb2 Rc8 19. Bd3 Qb8 20. f4 Ng4 21. Qh4 Ndf6 22. 0-0 Qb7 23. h3 Bxd5 24. exd5 Ne3 25. Rfe1 Nfxd5 26. cxd5 Nxd5 27. Qh6 Rd8 28. Bb5+ 1-0

[Event "Gran Canaria Santana Memorial 1st"]
[Site "Gran Canaria"]
[Date "2012.02.19"]
[Round "7"]
[White "Morales Quintero, Jose Miguel"]
[Black "Santana Montjoy, Javier"]
[Result "1/2-1/2"]
[WhiteElo "2058"]
[BlackElo "1665"]
[PlyCount "134"]
[EventDate "2012.02.13"]
[EventType "swiss"]
[EventRounds "7"]
[EventCountry "ESP"]
[SourceTitle "CBM 146 Extra"]
[Source "ChessBase"]
[SourceDate "2012.02.29"]
[SourceVersion "1"]
[SourceVersionDate "2012.02.29"]
[SourceQuality "1"]

1. c4 Nf6 2. Nc3 g6 3. g3 Bg7 4. Bg2 0-0 5. d4 c5 6. d5 d6 7. e4 e6 8. Nge2 exd5 9. exd5 Re8 10. 0-0 Bf5 11. h3 h5 12. Bf4 a6 13. a4 Qb6 14. Ra3 Qb4 15. Rb3 Qxc4 16. Rxb7 a5 17. Bxd6 Qa6 18. Rxb8 Raxb8 19. Bxb8 Rxb8 20. Nb5 Nd7 21. Nec3 Ne5 22. Re1 Qf6 23. Ne4 Bxe4 24. Rxe4 c4 25. Qc2 Kh7 26. f4 Qb6+ 27. Kh2 Nd3 28. b3 Nb4 29. Qxc4 h4 30. gxh4 Qf2 31. d6 Rf8 32. Re7 Qxh4 33. Rxf7 Rxf7 34. Qxf7 Nd3 35. d7 Nf2 36. Kg1 Qg3 37. Qe6 Nd3 38. Qg4 Qe1+ 39. Kh2 Qe7 40. Be4 Nxf4 41. d8Q Qxd8 42. Qxf4 Qe7 43. Qg4 Be5+ 44. Kg2 Qf6 45. h4 Bb8 46. h5 Qb2+ 47. Kf1 Qc1+ 48. Ke2 Qb2+ 49. Ke1 Qc1+ 50. Kf2 Qd2+ 51. Qe2 Bg3+ 52. Kf3 Qf4+ 53. Kg2 Bh4 54. hxg6+ Kg7 55. Qf3 Qd2+ 56. Kh3 Bf6 57. Bd3 Qh6+ 58. Kg2 Qd2+ 59. Qe2 Qg5+ 60. Kf1 Qc1+ 61. Qe1 Qf4+ 62. Ke2 Qg4+ 63. Kd2 Qb4+ 64. Ke2 Qg4+ 65. Kd2 Qb4+ 66. Ke2 Qg4+ 67. Kd2 Qb4+ 1/2-1/2

[Event "Las Palmas op"]
[Site "Las Palmas"]
[Date "2010.12.07"]
[Round "8"]
[White "Menvielle Laccourreye, Augusto"]
[Black "Morales Quintero, Jose Miguel"]
[Result "1-0"]
[WhiteElo "2262"]
[BlackElo "2097"]
[PlyCount "65"]
[EventDate "2010.12.02"]
[EventType "swiss"]
[EventRounds "9"]
[EventCountry "ESP"]
[SourceTitle "CBM 139 Extra"]
[Source "ChessBase"]
[SourceDate "2011.01.05"]
[SourceVersion "1"]
[SourceVersionDate "2011.01.05"]
[SourceQuality "1"]

1. e4 d6 2. d4 Nf6 3. f3 Nbd7 4. Bc4 e5 5. c3 Be7 6. Ne2 c6 7. Bb3 Nb6 8. 0-0 Be6 9. Bxe6 fxe6 10. Qb3 Qd7 11. a4 d5 12. dxe5 Nh5 13. g4 g6 14. gxh5 gxh5 15. exd5 Bc5+ 16. Kh1 exd5 17. e6 Qg7 18. Nd4 Rg8 19. Qc2 0-0-0 20. Na3 h4 21. Be3 h3 22. Rg1 Qe5 23. Qf2 Bd6 24. Rxg8 Rxg8 25. Rg1 Rg2 26. Rxg2 hxg2+ 27. Kxg2 Qxh2+ 28. Kf1 Qh1+ 29. Qg1 Qxg1+ 30. Kxg1 Nxa4 31. Nf5 Bxa3 32. bxa3 Nxc3 33. Nd6+ 1-0

[Event "Las Palmas op"]
[Site "Las Palmas"]
[Date "2010.12.06"]
[Round "7"]
[White "Morales Quintero, Jose Miguel"]
[Black "Martinez Molina, Jose Juan"]
[Result "1-0"]
[WhiteElo "2097"]
[BlackElo "1798"]
[PlyCount "53"]
[EventDate "2010.12.02"]
[EventType "swiss"]
[EventRounds "9"]
[EventCountry "ESP"]
[SourceTitle "CBM 139 Extra"]
[Source "ChessBase"]
[SourceDate "2011.01.05"]
[SourceVersion "1"]
[SourceVersionDate "2011.01.05"]
[SourceQuality "1"]

1. c4 Nf6 2. Nc3 g6 3. g3 c6 4. Bg2 d5 5. d4 e6 6. Nf3 Bg7 7. 0-0 0-0 8. b3 Nbd7 9. Bb2 Re8 10. e3 b6 11. Re1 Ba6 12. Nd2 Rc8 13. e4 e5 14. exd5 exd4 15. Nce4 Nxe4 16. Nxe4 cxd5 17. Nd6 Rxe1+ 18. Qxe1 Rb8 19. Nxf7 Kxf7 20. Bxd5+ Kf8 21. Ba3+ Nc5 22. b4 Qd6 23. bxc5 bxc5 24. Qa5 Rc8 25. Re1 Qb6 26. Qd2 Re8 27. Qf4+ 1-0

[Event "Las Palmas op"]
[Site "Las Palmas"]
[Date "2010.12.05"]
[Round "4"]
[White "Padilla Socorro, Jesus"]
[Black "Morales Quintero, Jose Miguel"]
[Result "1-0"]
[WhiteElo "1804"]
[BlackElo "2097"]
[PlyCount "95"]
[EventDate "2010.12.02"]
[EventType "swiss"]
[EventRounds "9"]
[EventCountry "ESP"]
[SourceTitle "CBM 139 Extra"]
[Source "ChessBase"]
[SourceDate "2011.01.05"]
[SourceVersion "1"]
[SourceVersionDate "2011.01.05"]
[SourceQuality "1"]

1. e4 d6 2. d4 Nf6 3. Nc3 g6 4. Bb5+ c6 5. Bd3 Bg7 6. Nf3 0-0 7. Bg5 b5 8. Qd2 b4 9. Ne2 a5 10. Bh6 c5 11. Bxg7 Kxg7 12. dxc5 dxc5 13. e5 Ne8 14. h4 h5 15. Qg5 Nc7 16. Nf4 Rh8 17. Bxg6 fxg6 18. Qxg6+ Kf8 19. Ng5 Qe8 20. Nh7+ Rxh7 21. Qxh7 Qf7 22. Qh8+ Qg8 23. Ng6+ Kf7 24. Qxg8+ Kxg8 25. Nxe7+ Kf7 26. Nxc8 Nc6 27. Nd6+ Ke6 28. f4 Nd5 29. g3 Rg8 30. Ne4 Nd4 31. Kd2 Kf5 32. Ng5 c4 33. Rae1 Rd8 34. e6 Ne7 35. Kc1 a4 36. Rh2 Kg4 37. Rd2 a3 38. bxa3 b3 39. axb3 cxb3 40. c3 Ndc6 41. Rxd8 Nxd8 42. Nf7 Nb7 43. Rd1 Nc5 44. Rd7 Nf5 45. e7 Nxe7 46. Rxe7 Kxg3 47. f5 Kxh4 48. Nd6 1-0

[Event "Las Palmas op"]
[Site "Las Palmas"]
[Date "2009.12.04"]
[Round "3"]
[White "Tatai, Stefano"]
[Black "Morales Quintero, Jose Miguel"]
[Result "1-0"]
[WhiteElo "2359"]
[BlackElo "2091"]
[PlyCount "43"]
[EventDate "2009.12.02"]
[EventType "swiss"]
[EventRounds "9"]
[EventCountry "ESP"]
[SourceTitle "CBM 133 Extra"]
[Source "ChessBase"]
[SourceDate "2010.01.05"]
[SourceVersion "1"]
[SourceVersionDate "2010.01.05"]
[SourceQuality "1"]

1. e4 d6 2. d4 Nf6 3. Nc3 g6 4. Nf3 Bg7 5. h3 0-0 6. Be3 Nbd7 7. Be2 c5 8. 0-0 b6 9. a4 Bb7 10. d5 a6 11. Qd2 Re8 12. Bh6 Bh8 13. Rfe1 Qc7 14. Bc4 Ne5 15. Nxe5 dxe5 16. f4 Rad8 17. f5 e6 18. fxe6 fxe6 19. Qe2 exd5 20. exd5 Nxd5 21. Rad1 Qf7 22. Qe4 1-0

[Event "Alameda de Osuna op 7th"]
[Site "Madrid"]
[Date "2001.04.26"]
[Round "8"]
[White "Morales Quintero, Jose Miguel"]
[Black "Longa Yauca, Javier"]
[Result "0-1"]
[WhiteElo "2141"]
[BlackElo "2219"]
[PlyCount "48"]
[EventDate "2001.04.17"]
[EventType "swiss"]
[EventRounds "9"]
[EventCountry "ESP"]
[SourceTitle "EXT 2002"]
[Source "ChessBase"]
[SourceDate "2001.11.25"]
[SourceVersion "1"]
[SourceVersionDate "2001.11.25"]
[SourceQuality "1"]

1. c4 e5 2. Nc3 Nf6 3. g3 Bb4 4. Bg2 0-0 5. e3 Re8 6. Nge2 Bf8 7. 0-0 d6 8. b3 c6 9. Bb2 d5 10. cxd5 cxd5 11. d4 e4 12. Qc1 Nc6 13. Ba3 Nb4 14. Bxb4 Bxb4 15. Nb5 Bg4 16. Qb2 Qa5 17. a4 a6 18. Nbc3 Qd8 19. Na2 Bd6 20. Rac1 Qd7 21. Qd2 Qf5 22. Rc2 Bf3 23. Nac1 h6 24. Bxf3 exf3 0-1